Sartha: (Record no. 155949)
[ view plain ]
| 000 -LEADER | |
|---|---|
| fixed length control field | 00520nam a22001937a 4500 |
| 005 - DATE AND TIME OF LATEST TRANSACTION | |
| control field | 20190226142335.0 |
| 010 ## - LCCN (DPL NO) | |
| LC control number | B-213826 |
| 020 ## - INTERNATIONAL STANDARD BOOK NUMBER | |
| International Standard Book Number | 9780195676013 |
| Terms of availability | 395.00 |
| 035 ## - SYSTEM CONTROL NUMBER | |
| System control number | B-213826,B-213822 |
| 037 ## - SOURCE OF ACQUISITION | |
| Source of stock number/acquisition | Oxford University Press |
| 082 ## - DEWEY DECIMAL CLASSIFICATION NUMBER | |
| Classification number | N |
| 100 ## - MAIN ENTRY--PERSONAL NAME | |
| Personal name | Bhyrappa, S.L. |
| 245 ## - TITLE STATEMENT | |
| Title | Sartha: |
| Remainder of title | the caravan |
| Statement of responsibility, etc | S.L. Bhyrappa |
| 260 ## - PUBLICATION, DISTRIBUTION, ETC. (IMPRINT) | |
| Place of publication, distribution, etc | New Delhi |
| Name of publisher, distributor, etc | Oxford University Press |
| Date of publication, distribution, etc | 2006 |
| 270 ## - ADDRESS | |
| City | New Delhi |
| Postal code | 110001 |
| 300 ## - PHYSICAL DESCRIPTION | |
| Extent | 292p. |
| Dimensions | 22cm (hbk) |
| 942 ## - ADDED ENTRY ELEMENTS (KOHA) | |
| Source of classification or shelving scheme | Dewey Decimal Classification |
| Item type | English Books |
| Classification part | N |
| Call number suffix | BHY |
| Withdrawn status | Lost status | Not for loan | Collection code | Home library | Current library | Date acquired | Full call number | Barcode | Koha item type | Source of acquisition | Cost, normal purchase price | Cost, replacement price |
|---|---|---|---|---|---|---|---|---|---|---|---|---|
| Fiction | Sarojini Nagar | Sarojini Nagar | 16/08/2018 | N BHY | B-213826 | English Books | ||||||
| Non-fiction | Sarojini Nagar | Sarojini Nagar | 12/12/2018 | N BHY | B-213811 | English Books | ||||||
| Fiction | Sarojini Nagar | Sarojini Nagar | 17/12/2018 | N BHY | B-228125 | English Books | ||||||
| Non-fiction | Vigyan Vihar | Vigyan Vihar | 26/02/2019 | N BHY | B-213822 | English Books | BPPD/PUB | 395.00 | 395.00 | |||
| Fiction | Yojana Vihar | Yojana Vihar | 10/10/2019 | N BHY | B-213821 | English Books | BPPD/PUB | 395.00 | 395.00 |
